Traité d'economie politique sociale ou industrielle ... / (Record no. 68530)

MARC details
000 -LEADER
campo de control de longitud fija 00610nam a22001935i 4500
001 - NÚMERO DE CONTROL
campo de control 68530
003 - IDENTIFICADOR DE NÚMERO DE CONTROL
campo de control ES-MaACL
005 - FECHA Y HORA DE LA ÚLTIMA TRANSACCIÓN
campo de control 20250822063129.0
007 - CAMPO FIJO DE DESCRIPCIÓN FÍSICA--INFORMACIÓN GENERAL
campo de control de longitud fija t|
008 - DATOS DE LONGITUD FIJA--INFORMACIÓN GENERAL
campo de control de longitud fija 960808s1873 fr ||||1| fre d
040 ## - FUENTE DE CATALOGACIÓN
Centro catalogador/agencia de origen CAM
Lengua de catalogación spa
Centro/agencia transcriptor CAM
100 1# - ENTRADA PRINCIPAL--NOMBRE DE PERSONA
Nombre de persona Garnier, Joseph,
Fechas asociadas al nombre 1813-1881
9 (RLIN) 154520
245 10 - MENCIÓN DEL TÍTULO
Título Traité d'economie politique sociale ou industrielle ... /
Mención de responsabilidad, etc. par Joseph Garnier.
250 ## - MENCION DE EDICION
Mención de edición 7ª éd. revue et augmentée.
260 ## - PUBLICACIÓN, DISTRIBUCIÓN, ETC.
Lugar de publicación, distribución, etc. Paris :
Nombre del editor, distribuidor, etc. Garnier fréres etc.,
Fecha de publicación, distribución, etc. 1873 (
Fabricante Simon Racon et Comp.)
300 ## - DESCRIPCIÓN FÍSICA
Extensión XVI, 784 p. ;
Dimensiones 18 cm.
852 ## - LOCALIZACIÓN
Ubicación ES-MaACL
Número de control de estantería D-1015
Holdings
Estatus retirado Estado de pérdida Estado de daño No para préstamo Colección Biblioteca de origen Biblioteca actual Ubicación en estantería Fecha de adquisición Fuente de adquisición Total de préstamos Signatura topográfica completa Código de barras Visto por última vez Precio de reemplazo Tipo de ítem Koha
        Libros del s. XIX Biblioteca del Ateneo de Madrid Biblioteca del Ateneo de Madrid Sala Valle Inclán 17/01/2008     D-1015 901071740 23/02/2023 23/02/2023 Libro impreso antiguo